|
|
|
|
| LEADER |
00000cam a2200000 7i4500 |
| 001 |
0000007205 |
| 005 |
20050428.0 |
| 020 |
|
|
|a 9677005308
|
| 040 |
|
|
|a INS
|
| 090 |
0 |
0 |
|a KQB14.
|b C8413 1997
|
| 245 |
1 |
0 |
|a Real Property Gains Tax Act 1976 :
|b All amendments up to March, 1997
|c compiled by MDC Legal Advisers
|
| 260 |
|
|
|a Kuala Lumpur :
|b MDC Publishers Printers ,
|c 1997
|
| 300 |
|
|
|a 72p. ;
|c 25 cm.
|
| 650 |
0 |
0 |
|a Real property tax
|x Law and legislation
|z Malaysia
|
| 650 |
0 |
0 |
|a Real property
|x Law and legislation
|z Malaysia
|
| 999 |
|
|
|a 0000006922
|b BOOK
|c Acts
|e Default branch
|
| 999 |
|
|
|a 0000006923
|b BOOK
|c Acts
|e Default branch
|
| 999 |
|
|
|a 0000006924
|b BOOK
|c Acts
|e Default branch
|
| 999 |
|
|
|a 0000006925
|b BOOK
|c Acts
|e Default branch
|
| 999 |
|
|
|a 0000006926
|b BOOK
|c Acts
|e Default branch
|